000 00468nam a2200181Ia 4500
001 18153
005 20260306171609.0
008 260306s9999||||xx |||||||||||||| ||und||
041 _aESP
082 _a658.4012
_bM26
100 _aMarijuán de Santiago, Luis
_eAUT
245 0 _aAlianzas estratégicas:
_bconsorcios, UTE´s, joint ventures y otras formas de AE
260 _c2012
300 _a
_c
650 _aGEN
654 _aCAN
942 _cLIB
_dJUS
_fJUS
_2ddc
_n
999 _c18153
_d18153